|
|
|
|
| LEADER |
00000cam a2200000 7i4500 |
| 001 |
0000001548 |
| 005 |
20010731.0 |
| 090 |
0 |
0 |
|a 634.9021
|b FOR 1985
|
| 245 |
0 |
0 |
|a FORESTRY statistics AsiaPacific Region :
|b report and papers of FAO Seminar, 3-7 December 1984, Bangkok, Thailand
|
| 260 |
0 |
0 |
|a Bangkok :
|b Regional Office for Asia and the Pacific ,
|c 1985
|
| 300 |
|
|
|a 224 p. ;
|c 30 cm.
|
| 650 |
0 |
0 |
|a Forests and forestry
|x Statistics
|z Asia
|x Congresses
|
| 650 |
0 |
0 |
|a Forests and forestry
|x Statistics
|z Pacific Area
|x Congresses
|
| 710 |
1 |
1 |
|a Food and Agriculture Organization of the United Nations (FAO)
|
| 998 |
|
|
|a JPSM
|
| 999 |
|
|
|a 0000003910
|b Monograph
|c Open Shelf
|e Default branch
|